[Event "CZE-chT U20 final-B 0910"]
[Site "Pavla Vlachovice"]
[Date "2010.04.23"]
[Round "8.5"]
[White "Krasensky, Jakub"]
[Black "Slampa, Jan"]
[Result "0-1"]
[WhiteElo "1514"]
[BlackElo "1717"]
[PlyCount "154"]
[EventDate "2010.04.23"]
[EventType "team-tourn"]
[EventRounds "11"]
[EventCountry "CZE"]
[SourceTitle "EXT 2011"]
[Source "ChessBase"]
[SourceDate "2010.11.26"]
[SourceVersion "1"]
[SourceVersionDate "2010.11.26"]
[SourceQuality "1"]
[WhiteTeam "Bedrichov (U20)"]
[BlackTeam "Udlice (U20)"]
[WhiteTeamCountry "CZE"]
[BlackTeamCountry "CZE"]

1. e4 c5 2. Nf3 Nc6 3. d4 cxd4 4. Nxd4 g6 5. c4 Bg7 6. Be3 Nf6 7. Nc3 Ng4 8. Qxg4 Nxd4 9. Qd1 e5 10. Be2 0-0 11. 0-0 b6 12. Qd2 Ba6 13. b3 Rb8 14. Bg5 Nxe2+ 15. Nxe2 f6 16. Be3 Bb7 17. Rfd1 Bxe4 18. Qxd7 Bf5 19. Qxa7 Qc8 20. Bxb6 Qc6 21. Be3 Ra8 22. Qb6 Qxb6 23. Bxb6 Bc2 24. Rd2 Bxb3 25. c5 f5 26. Nc1 Bc4 27. a4 e4 28. Ra3 Rfe8 29. c6 Bh6 30. Rc2 Bd3 31. Rcc3 Bd2 32. a5 Bxc3 33. Rxc3 Kf7 34. c7 g5 35. h4 Ba6 36. hxg5 f4 37. Rh3 Kg6 38. Nb3 Bc8 39. Rh6+ Kxg5 40. Rxh7 e3 41. Kf1 Ba6+ 42. Ke1 e2 43. Nd4 Kg6 44. Rh4 Kg5 45. Nf3+ Kf5 46. Rh5+ Ke4 47. Nd2+ Kd3 48. Rd5+ Kc2 49. Rc5+ Kb2 50. Nc4+ Kb3 51. Nd2+ Kb4 52. Rc1 Rh8 53. Rb1+ Kc3 54. Rb3+ Kc2 55. Rh3 Rxh3 56. gxh3 Rg8 57. Nf3 Bb7 58. Nd4+ Kd3 59. Nxe2 Re8 60. Kf1 Rxe2 61. f3 Rc2 62. h4 Bxf3 63. a6 Ke4 64. a7 Kf5 65. h5 Kg5 66. h6 Kxh6 67. c8Q Rxc8 68. Kf2 Be4 69. Bd4 Kg5 70. Ke2 Kg4 71. Kf2 Rc2+ 72. Ke1 Kg3 73. Kf1 Ra2 74. Ke1 f3 75. Kf1 f2 76. Bxf2+ Rxf2+ 77. Kg1 Bg2 0-1

[Event "CZE-chTE U20 0910"]
[Site "Czech Republic"]
[Date "2010.01.23"]
[Round "6.4"]
[White "Krasensky, Jakub"]
[Black "Zpevakova, Jana"]
[Result "1-0"]
[WhiteElo "1514"]
[BlackElo "1721"]
[PlyCount "103"]
[EventDate "2009.10.03"]
[EventType "team-tourn"]
[EventRounds "7"]
[EventCountry "CZE"]
[SourceTitle "EXT 2011"]
[Source "ChessBase"]
[SourceDate "2010.11.26"]
[SourceVersion "1"]
[SourceVersionDate "2010.11.26"]
[SourceQuality "1"]
[WhiteTeam "Bedrichov (U20)"]
[BlackTeam "Stare Mesto (U20)"]
[WhiteTeamCountry "CZE"]
[BlackTeamCountry "CZE"]

1. e4 e6 2. d4 d5 3. Nc3 Bb4 4. e5 c5 5. Bd2 Nc6 6. Nb5 Bxd2+ 7. Qxd2 Nxd4 8. Nd6+ Kf8 9. f4 Nh6 10. Bd3 Nhf5 11. Nxf5 Nxf5 12. Nf3 b6 13. 0-0-0 Bb7 14. c3 Rc8 15. Bc2 Qc7 16. g4 Ne7 17. Rdf1 g6 18. f5 exf5 19. Qh6+ Ke8 20. gxf5 gxf5 21. Qf6 Rf8 22. Ng5 Ng8 23. Qxf5 Ne7 24. Qxh7 d4 25. Rxf7 Qxe5 26. Rxf8+ Kd7 27. Rxc8 Qxg5+ 28. Kd1 Bxh1 29. Qh3+ Kd6 30. Rd8+ Ke5 31. cxd4+ cxd4 32. Qh8+ Ke6 33. Bb3+ Kf5 34. Qf8+ Ke4 35. Bc2+ Ke3 36. Qf1 Bf3+ 37. Kc1 Be2 38. Qe1 Kf3+ 39. Qd2 Qg1+ 40. Bd1 Bxd1 41. Qxd1+ Qxd1+ 42. Kxd1 Nf5 43. Rd7 Ne3+ 44. Kd2 Nc4+ 45. Kc2 Ke3 46. Re7+ Kf4 47. Rxa7 Ne3+ 48. Kd3 Ng4 49. Kxd4 Nxh2 50. Rf7+ Kg5 51. Rb7 Nf3+ 52. Kc3 1-0

[Event "Morava-ch U16"]
[Site "Havirov"]
[Date "2008.10.29"]
[Round "9"]
[White "Krasensky, Jakub"]
[Black "Jurca, Marek"]
[Result "1/2-1/2"]
[WhiteElo "1376"]
[BlackElo "1701"]
[PlyCount "119"]
[EventDate "2008.10.25"]
[EventType "swiss"]
[EventRounds "9"]
[EventCountry "CZE"]
[SourceTitle "EXT 2009"]
[Source "ChessBase"]
[SourceDate "2008.11.26"]
[SourceVersion "1"]
[SourceVersionDate "2008.11.26"]
[SourceQuality "1"]

1. Nf3 d5 2. g3 Nf6 3. Bg2 Bf5 4. 0-0 Nbd7 5. d3 e5 6. Nbd2 Bd6 7. Re1 0-0 8. Nh4 Be6 9. e4 d4 10. Nb3 Nb6 11. f4 exf4 12. gxf4 Nxe4 13. Rxe4 Qxh4 14. Nxd4 Bc5 15. f5 Bxd4+ 16. Kh1 Qf6 17. fxe6 fxe6 18. Bg5 Qxg5 19. Rxd4 Nd5 20. Bxd5 exd5 21. Qg1 Qxg1+ 22. Rxg1 c6 23. Rdg4 Rf7 24. h4 Raf8 25. h5 Re8 26. R1g2 Re5 27. Rh2 Re1+ 28. Rg1 Rxg1+ 29. Kxg1 Rf5 30. Kg2 Kf7 31. Kg3 Kf6 32. c3 Kg5 33. a3 Re5 34. d4 Re4 35. h6 g6 36. Kf3 Rh4 37. Re2 Rf4+ 38. Kg3 Re4 39. Rh2 b6 40. Rf2 Re3+ 41. Kg2 Re7 42. Kf1 Kxh6 43. Rf8 Rc7 44. Kg2 g5 45. Kg3 Kg7 46. Re8 h6 47. Kg4 Rf7 48. Kh5 Rc7 49. Re6 g4 50. Rxh6 Rc8 51. Rd6 g3 52. Rg6+ Kf7 53. Rxg3 Rh8+ 54. Kg4 c5 55. Rh3 Rxh3 56. Kxh3 Ke6 57. Kg4 a5 58. a4 Kf6 59. Kf4 c4 60. Kg4 1/2-1/2

[Event "Morava-ch U16"]
[Site "Havirov"]
[Date "2008.10.28"]
[Round "7"]
[White "Slivova, Veronika"]
[Black "Krasensky, Jakub"]
[Result "1-0"]
[WhiteElo "1753"]
[BlackElo "1376"]
[PlyCount "35"]
[EventDate "2008.10.25"]
[EventType "swiss"]
[EventRounds "9"]
[EventCountry "CZE"]
[SourceTitle "EXT 2009"]
[Source "ChessBase"]
[SourceDate "2008.11.26"]
[SourceVersion "1"]
[SourceVersionDate "2008.11.26"]
[SourceQuality "1"]

1. e4 c6 2. d4 d5 3. exd5 Qxd5 4. Nc3 Qa5 5. Bd2 Qc7 6. Nf3 Nf6 7. Bd3 Bg4 8. h3 Bh5 9. 0-0 e6 10. Re1 Bd6 11. Ne4 Nxe4 12. Bxe4 Nd7 13. c4 0-0 14. Bxh7+ Kxh7 15. Ng5+ Kg6 16. g4 Bxg4 17. Qxg4 f5 18. Qg2 1-0

[Event "Morava-ch U16"]
[Site "Havirov"]
[Date "2008.10.26"]
[Round "4"]
[White "Jekl, Jan"]
[Black "Krasensky, Jakub"]
[Result "0-1"]
[WhiteElo "1262"]
[BlackElo "1376"]
[PlyCount "82"]
[EventDate "2008.10.25"]
[EventType "swiss"]
[EventRounds "9"]
[EventCountry "CZE"]
[SourceTitle "EXT 2009"]
[Source "ChessBase"]
[SourceDate "2008.11.26"]
[SourceVersion "1"]
[SourceVersionDate "2008.11.26"]
[SourceQuality "1"]

1. e4 c6 2. Nf3 d5 3. d3 dxe4 4. dxe4 Qxd1+ 5. Kxd1 Bg4 6. Be2 Nd7 7. Nc3 Ngf6 8. h3 Bh5 9. Bf4 Rd8 10. Ke1 e6 11. Bg5 h6 12. Bh4 g5 13. Bg3 Bb4 14. Bd3 Nc5 15. Be5 Ke7 16. g4 Nxd3+ 17. cxd3 Rxd3 18. Ke2 Bxg4 19. Bxf6+ Kxf6 20. e5+ Kg6 21. Kxd3 Bxf3 22. Rhg1 Rd8+ 23. Ke3 Bxc3 24. bxc3 Bd5 25. h4 Kf5 26. hxg5 hxg5 27. Rab1 c5 28. Rbd1 Rg8 29. f4 gxf4+ 30. Kf2 Rxg1 31. Rxg1 Kxe5 32. a3 Ke4 33. Rd1 b5 34. Rd2 f5 35. Rb2 Bc4 36. Rd2 Bd3 37. Rd1 f3 38. Rh1 a5 39. Rh4+ f4 40. Rh5 e5 41. Rh6 Be2 0-1